书目信息 |
| 题名: |
亚非问题研究
|
|
| 作者: | ;北京大学亚非研究所 编 | |
| 分册: | 第1集 | |
| 出版信息: | 北京 北京大学出版社 1982 |
|
| 页数: | 283页 | |
| 开本: | 21cm | |
| 丛书名: | ||
| 单 册: | ||
| 中图分类: | D501 | |
| 科图分类: | ||
| 主题词: | 发展中国家--政治 | |
| 电子资源: | ||
| ISBN: | ||
| 000 | 00657nam0 2200229 45 | |
| 001 | 0182006182 | |
| 005 | 20050627153752.8 | |
| 010 | @dCNY1.05 | |
| 091 | @a17209.6 | |
| 100 | @a19950306d1982 emky0chiy0121 ea | |
| 101 | 0 | @achi |
| 102 | @aCN@b110000 | |
| 105 | @ay z 000yy | |
| 200 | 10 | @a亚非问题研究@Aya fei wen ti yan jiu@h第1集@f北京大学亚非研究所编@FBei Jing Da Xue Ya Fei Yan Jiu Suo Bian |
| 210 | @a北京@c北京大学出版社@d1982 | |
| 215 | @a283页@d21cm | |
| 606 | @a发展中国家@x政治 | |
| 690 | @aD501@v3 | |
| 711 | 02 | @a北京大学亚非研究所@4编 |
| 801 | 0 | @aCN@b上海图书馆@c20040421 |
| 801 | 2 | @aCN@bNLC@c20040421 |
| 905 | @dD501@e13:1@f1@b81055 | |
| 亚非问题研究.第1集/北京大学亚非研究所编.-北京:北京大学出版社,1982 |
| 283页;21cm |
| ISBN :CNY1.05 |
| ● |
| 相关链接 |
|
|
|
|
正题名:亚非问题研究
索取号:D501/13:1
 
预约/预借
| 序号 | 登录号 | 条形码 | 馆藏地/架位号 | 状态 | 备注 |
| 1 | 0081054 | 000482515 | 密集书库/ [索取号:D501/13:1] | 在馆 | |
| 2 | 0081055 | 000482338 | 第一样本阅览室/ [索取号:D501/13:1] | 在馆 |